Didaktické projekty výtvarné výchovy na 1. stupni základní školy

Bibliographic Details
Main Author: Stieranková, Ilona (Author)
Format: Article
Language:Czech
ISBN:9788055703022
Subjects:

MARC

LEADER 00000naa a2200000 4500
001 vtls011991770
003 SK-MaSNL
005 20260302143509.0
008 200910|2011 xo f|| |1|0 ||cze
015 |a SNBRA 2015  |2 svkbbbg 
038 |a SVKBBBG 
040 |a SVKBBBG  |b slo  |c SVKBBBG  |e rda 
041 0 |a cze  |b eng 
044 |a xo  |c SK 
072 7 |a 72/76  |x Výtvarné umenie  |2 konspekt 
072 7 |a 37.016  |x Učebné osnovy. Vyučovacie predmety. Učebnice  |2 konspekt 
080 |a 37.02  |2 2011 
080 |a 72/76:37.016  |2 2011 
080 |a 373.3  |2 2011 
080 |a 37.016.026  |2 2011 
100 1 |a Stieranková, Ilona  |4 aut  |9 833529 
245 1 0 |a Didaktické projekty výtvarné výchovy na 1. stupni základní školy  |c Ilona Stieranková 
336 |a text  |b txt  |2 rdacontent 
337 |a bez média  |b n  |2 rdamedia 
338 |a zväzok  |b nc  |2 rdacarrier 
504 |a Bibliografia na strane 145 ; bibliografické odkazy 
546 |a Anglické resumé 
650 0 7 |a didaktika  |2 SNKPH  |9 3484 
650 0 7 |a výtvarná výchova  |2 SNKPH  |9 2777 
650 0 7 |a základné školy  |2 SNKPH  |9 1280 
650 0 7 |a didaktika vyučovacích predmetov  |2 SNKPH  |9 4030 
773 0 |t Didaktika výtvarného umenia : koncepty, kontexty, prax  |d Banská Bystrica : Univerzita Mateja Bela, 2011  |g S. 138-146  |z 9788055703022 
852 |a SVKBB  |b KIS3GCP 
958 |a NB 
999 |c 1344833  |d 1346763